Score 0/24 Timer 06:00
19 Plays Today
Grid Location Movie % Correct
Alvin and the Chipmunks
88.3%
Apollo 13
87.8%
Austin Powers: International Man of Mystery
84.7%
Antz
83.6%
American Pie
80%
Ace Ventura: Pet Detective
77.4%
The Addams Family
75%
Alien
68.6%
Angels and Demons
67.3%
Annie Hall
64.4%
American Beauty
59.7%
Around the World in 80 Days
57.7%
Grid Location Movie % Correct
Analyze This
48.7%
Arthur
47.8%
As Good as it Gets
47.4%
Apocalypse Now
44.7%
All the President's Men
39.9%
American Gangster
35.3%
All Quiet on the Western Front
27.8%
The Adjustment Bureau
26.6%
Airheads
24.4%
Atonement
23.8%
Alpha Dog
23.7%
The Apartment
18.8%
Remove Ads.
Support Sporcle.
Get the best of Sporcle when you Go Orange. This ad-free experience offers more features, more stats, and more fun while also helping to support Sporcle. Thank you for becoming a member.

You're not logged in!

Compare scores with friends on all Sporcle quizzes.
OR
Log In

Show Comments

Extras

Top Quizzes Today


Score Distribution

Your Account Isn't Verified!

In order to create a playlist on Sporcle, you need to verify the email address you used during registration. Go to your Sporcle Settings to finish the process.

Report this User

Report this user for behavior that violates our Community Guidelines.

Details: